000 00352nam a2200145Ia 4500
008 240624s9999 xx 000 0 und d
041 _aeng
082 _a658.4013 MOR
100 _aMORGAN JOHN
245 _aLEAN SIX SIGMA FOR DUMMIES
250 _a(2nd ed.)
260 _c2014
_aNew Delhi
_bWiley
300 _a300 : p. : cm. ; 28
365 _cRS
_b33
999 _c26508
_d26508